Start Up Nation. La historia del milagro económico de Israel.
Saved in:
| Hovedforfatter: | |
|---|---|
| Andre forfattere: | , , |
| Format: | Ukendt |
| Sprog: | engelsk |
| Udgivet: |
Madrid, España:
Toy Story, S.L.,
2012
|
| Fag: | |
| Tags: |
Tilføj Tag
Ingen Tags, Vær først til at tagge denne postø!
|
MARC
| LEADER | 00000 a2200000 4500 | ||
|---|---|---|---|
| 003 | CL-VaPUC | ||
| 005 | 20220510172910.0 | ||
| 008 | 220420b2012 ||||| |||| 00| 0 eng d | ||
| 999 | |c 435334 |d 435332 | ||
| 020 | |a 9788461573844 | ||
| 040 | |c Pontificia Universidad Católica de Valparaíso | ||
| 082 | 7 | |a 330.95694 SEN 2012 |2 22 | |
| 100 | |a Senor, Dan |9 868140 |e autor | ||
| 245 | |a Start Up Nation. |b La historia del milagro económico de Israel. | ||
| 260 | |a Madrid, España: |b Toy Story, S.L., |c 2012 | ||
| 300 | |a 330 páginas | ||
| 583 | |k Cristina María Rojas Aguilar |c 20220420 | ||
| 650 | 0 | |a Historia económica |9 307218 |z Israel |x Innovaciones tecnológicas | |
| 651 | |a Israel |x Condiciones económicas |9 868674 | ||
| 700 | |a Singer, Saul |e autor |9 868675 | ||
| 700 | |a Santos, Juan Manuel |e prólogo |9 868676 | ||
| 700 | |a Peres, Simon |e prólogo |9 868677 | ||
| 942 | |2 ddc |c BK | ||
| 952 | |0 0 |1 0 |2 ddc |4 0 |6 330_956940000000000_SEN_2012 |7 0 |8 A |9 582696 |a BIBENE |b BIBENE |c RES |d 2022-04-19 |e 3 |g 16993.00 |i 5650828 |l 1 |o 330.95694 SEN 2012 |p 5650828 |r 2025-01-15 |s 2022-10-17 |t 1 |v 16993.00 |w 2022-04-19 |y BK |k ICO | ||